000 00976nam a2200277 i 4500
003 DO-SdBNP
005 20250728101531.0
006 a||||gr|||| 00| 0
007 ta
008 250728e2017 dr ||||| |||| 00| 0 spa d
040 _aDO-SdBNP
_bspa
_cBNPHU
_erda
041 _asp
082 4 _axxx
_bR426r
_222
110 _aRepública Dominicana.
_bBenco Central, Departamento de Programación Monetaria y Esrtudios Económicos
_958697
245 0 0 _aResumen ejecutivo programa monetario del Banco Central :
_bbajo metas de inflación
264 _aSanto Domingo :
_bBanco Central de la República Dominicana,
_c2017
300 _a17 páginas :
_c21 cm.
336 _2rdacontent
_atexto
_btxt
337 _2rdamedia
_asin mediación
_bn
338 _2rdacarrier
_avolumen
_bnc
590 _aInventariado 2025/DG
651 4 _aRepública Dominicana
_xCondiciones económicas
_9281
710 1 _aRepública Dominicana.
_bBanco Central
_958697
910 _aDG
942 _2ddc
_cLF2
999 _c59652
_d59652